[Event "AUT-chT2W 1415"]
[Site "Austria"]
[Date "2014.10.12"]
[Round "3.6"]
[White "Schramm, Christian"]
[Black "Zoister, Stefan"]
[Result "1-0"]
[WhiteElo "2400"]
[BlackElo "2243"]
[PlyCount "87"]
[EventDate "2014.10.10"]
[EventType "team-tourn"]
[EventRounds "11"]
[EventCountry "AUT"]
[SourceTitle "EXT 2015"]
[Source "ChessBase"]
[SourceDate "2014.11.20"]
[SourceVersion "1"]
[SourceVersionDate "2014.11.20"]
[SourceQuality "1"]
[WhiteTeam "Bernhard II"]
[BlackTeam "Ranshofen"]
[WhiteTeamCountry "AUT"]
[BlackTeamCountry "AUT"]

1. e4 c6 2. d4 d5 3. e5 Bf5 4. Nf3 e6 5. Be2 Nd7 6. 0-0 Ne7 7. c3 Qc7 8. Be3 a6 9. Nbd2 h6 10. b4 Nc8 11. Nh4 Bh7 12. f4 Be7 13. Nhf3 a5 14. a3 Ncb6 15. Ne1 axb4 16. axb4 Rxa1 17. Qxa1 0-0 18. Bd3 Bxd3 19. Nxd3 Ra8 20. Qc1 Nc4 21. Nxc4 dxc4 22. Nf2 Nb6 23. Ne4 Qd7 24. f5 exf5 25. Ng3 Ra2 26. Nxf5 Bf8 27. Rf3 Qe6 28. Qb1 Ra3 29. Qb2 Rb3 30. Qc2 Nd5 31. Bd2 b5 32. h3 h5 33. Ng3 g6 34. Ne4 Be7 35. Bg5 Bf8 36. Bc1 Be7 37. Kh2 Kg7 38. Bg5 Ra3 39. Qd2 Ra7 40. Bf6+ Kf8 41. Qh6+ Ke8 42. Qh8+ Kd7 43. Nc5+ Bxc5 44. Qd8# 1-0

[Event "AUT-chT2W 1112"]
[Site "Austria"]
[Date "2011.10.09"]
[Round "3.4"]
[White "Besner, Bernhard"]
[Black "Zoister, Stefan"]
[Result "1/2-1/2"]
[WhiteElo "2175"]
[BlackElo "2229"]
[PlyCount "60"]
[EventDate "2011.10.07"]
[EventType "team-tourn"]
[EventRounds "11"]
[EventCountry "AUT"]
[SourceTitle "CBM 144 Extra"]
[Source "ChessBase"]
[SourceDate "2011.10.28"]
[SourceVersion "1"]
[SourceVersionDate "2011.10.28"]
[SourceQuality "1"]
[WhiteTeam "Salzburg"]
[BlackTeam "Ranshofen"]
[WhiteTeamCountry "AUT"]
[BlackTeamCountry "AUT"]

1. e4 c6 2. d4 d5 3. exd5 cxd5 4. c4 Nf6 5. Nc3 Nc6 6. Nf3 Bg4 7. cxd5 Nxd5 8. Qb3 Bxf3 9. gxf3 e6 10. Qxb7 Nxd4 11. Bb5+ Nxb5 12. Qc6+ Ke7 13. Qxb5 Qd7 14. Nxd5+ Qxd5 15. Bg5+ f6 16. Qxd5 exd5 17. Be3 Ke6 18. 0-0-0 Rc8+ 19. Kb1 Bc5 20. Rhe1 Bxe3 21. Rxe3+ Kd6 22. Ra3 Rhe8 23. Rxa7 Re2 24. Ra6+ Ke5 25. Ra5 Rd8 26. f4+ Ke6 27. Ra6+ Kf5 28. Ra5 Ke6 29. Ra6+ Kf5 30. Ra5 Ke6 1/2-1/2

[Event "AUT-chT2W 0910"]
[Site "Austria"]
[Date "2009.10.25"]
[Round "3.6"]
[White "Zoister, Stefan"]
[Black "Riemelmoser, Franz"]
[Result "1/2-1/2"]
[WhiteElo "2224"]
[BlackElo "2291"]
[PlyCount "51"]
[EventDate "2009.10.23"]
[EventType "team-tourn"]
[EventRounds "11"]
[EventCountry "AUT"]
[SourceTitle "CBM 133 Extra"]
[Source "ChessBase"]
[SourceDate "2010.01.05"]
[SourceVersion "1"]
[SourceVersionDate "2010.01.05"]
[SourceQuality "1"]
[WhiteTeam "Ranshofen"]
[BlackTeam "Salzburg Sued"]
[WhiteTeamCountry "AUT"]
[BlackTeamCountry "AUT"]

1. e4 e6 2. d4 d5 3. Nc3 Bb4 4. e5 c5 5. Bd2 Ne7 6. Nb5 Bxd2+ 7. Qxd2 0-0 8. dxc5 Nbc6 9. Nf3 Ng6 10. Qe3 f6 11. exf6 Qxf6 12. 0-0-0 Bd7 13. h4 a6 14. Nd6 h6 15. h5 Nge7 16. c4 Rfb8 17. cxd5 Nxd5 18. Qe4 Ncb4 19. Bc4 Nf4 20. Ne5 Be8 21. Nc6 bxc6 22. Rd2 Qg5 23. g3 Nfd5 24. Qxe6+ Kf8 25. Ne4 Qe7 26. Bd3 1/2-1/2

[Event "AUT-chT2W 0809"]
[Site "Austria"]
[Date "2009.01.18"]
[Round "8.4"]
[White "Zoister, Stefan"]
[Black "Amann, Guenter"]
[Result "1-0"]
[WhiteElo "2209"]
[BlackElo "2330"]
[PlyCount "99"]
[EventDate "2008.10.17"]
[EventType "team-tourn"]
[EventRounds "11"]
[EventCountry "AUT"]
[SourceTitle "EXT 2010"]
[Source "ChessBase"]
[SourceDate "2010.11.25"]
[SourceVersion "1"]
[SourceVersionDate "2010.11.25"]
[SourceQuality "1"]
[WhiteTeam "Ranshofen"]
[BlackTeam "Hohenems II"]
[WhiteTeamCountry "AUT"]
[BlackTeamCountry "AUT"]

1. e4 e6 2. d4 d5 3. Nc3 Nf6 4. e5 Nfd7 5. f4 c5 6. Nf3 Nc6 7. dxc5 Bxc5 8. Bd3 f6 9. exf6 Nxf6 10. Bd2 0-0 11. Qe2 Nb4 12. Ne5 Nxd3+ 13. Nxd3 Bb6 14. 0-0-0 Bd7 15. g4 Qe8 16. Rhe1 Bc6 17. g5 Ne4 18. Nxe4 dxe4 19. Ne5 Bd5 20. c4 e3 21. Bxe3 Bxe3+ 22. Qxe3 Rc8 23. g6 Bxc4 24. gxh7+ Kxh7 25. Qe4+ Kg8 26. Nxc4 b5 27. Rd4 Rxc4+ 28. Rxc4 bxc4 29. Qxc4 Rf6 30. f5 Rxf5 31. Rxe6 Qf7 32. Re8+ Kh7 33. Qxf7 Rxf7 34. Re2 Rf3 35. b3 Kg6 36. Kb2 Kf5 37. Ka3 g5 38. Ka4 g4 39. Ka5 Kf4 40. Ka6 Re3 41. Rf2+ Rf3 42. Rb2 Ke3 43. b4 Rf7 44. b5 Kd4 45. Rb4+ Kc5 46. Rxg4 Rf6+ 47. Ka5 Rf2 48. a4 Rxh2 49. Rg7 Rh8 50. Rc7+ 1-0

[Event "AUT-chT2W 0809"]
[Site "Austria"]
[Date "2009.01.17"]
[Round "7.4"]
[White "Zoister, Stefan"]
[Black "Bezler, Rainer"]
[Result "0-1"]
[WhiteElo "2209"]
[BlackElo "2245"]
[PlyCount "82"]
[EventDate "2008.10.17"]
[EventType "team-tourn"]
[EventRounds "11"]
[EventCountry "AUT"]
[SourceTitle "EXT 2010"]
[Source "ChessBase"]
[SourceDate "2010.11.25"]
[SourceVersion "1"]
[SourceVersionDate "2010.11.25"]
[SourceQuality "1"]
[WhiteTeam "Ranshofen"]
[BlackTeam "Bregenz"]
[WhiteTeamCountry "AUT"]
[BlackTeamCountry "AUT"]

1. e4 e5 2. Nf3 Nc6 3. Nc3 d6 4. d4 exd4 5. Nxd4 Bd7 6. Nxc6 Bxc6 7. Bc4 Nf6 8. f3 Be7 9. Be3 a6 10. Qd2 0-0 11. 0-0 b5 12. Be2 Re8 13. Rab1 Qb8 14. Rfe1 Qb7 15. Bf1 h6 16. Qf2 Nh7 17. Qg3 Bg5 18. Bxg5 Nxg5 19. Bd3 Nh7 20. Ne2 Nf6 21. Nf4 Re5 22. Bf1 Rae8 23. Nd3 R5e7 24. Qf2 Nd7 25. Rbc1 Nb6 26. Nf4 Nd7 27. c4 b4 28. Kh1 Nc5 29. Nh5 Re5 30. Ng3 Nd7 31. f4 Ra5 32. b3 Nf8 33. Bd3 Qc8 34. Re3 Qe6 35. Rce1 Qf6 36. Bb1 Ng6 37. Rf1 Qd4 38. Nf5 Rxf5 39. exf5 Qxe3 40. Qxe3 Rxe3 41. fxg6 Re2 0-1

[Event "AUT-chT2W 0607"]
[Site "Austria"]
[Date "2007.??.??"]
[Round "8.4"]
[White "Hager, Franz"]
[Black "Zoister, Stefan"]
[Result "1/2-1/2"]
[WhiteElo "2237"]
[BlackElo "2257"]
[PlyCount "22"]
[EventDate "2006.10.21"]
[EventType "team"]
[EventRounds "11"]
[EventCountry "AUT"]
[SourceTitle "EXT 2008"]
[Source "ChessBase"]
[SourceDate "2007.11.25"]
[SourceVersion "1"]
[SourceVersionDate "2007.11.25"]
[SourceQuality "1"]

1. d4 Nf6 2. c4 e6 3. Nf3 b6 4. g3 Ba6 5. b3 Bb4+ 6. Bd2 Be7 7. Bg2 c6 8. Ne5 d5 9. Bc3 Nfd7 10. Nxd7 Nxd7 11. Nd2 0-0 1/2-1/2

[Event "AUT-chT2W 0607"]
[Site "Austria"]
[Date "2006.12.01"]
[Round "3"]
[White "Hengl, Christian"]
[Black "Zoister, Stefan"]
[Result "1-0"]
[WhiteElo "2257"]
[BlackElo "2224"]
[PlyCount "109"]
[EventDate "2006.10.21"]
[EventType "team"]
[EventRounds "11"]
[EventCountry "AUT"]
[SourceTitle "CBM 115 Extra"]
[Source "ChessBase"]
[SourceDate "2007.01.10"]
[SourceVersion "1"]
[SourceVersionDate "2007.01.10"]
[SourceQuality "1"]

1. e4 c6 2. d4 d5 3. Nc3 dxe4 4. Nxe4 Nd7 5. Bc4 Ngf6 6. Ng5 e6 7. Qe2 Nb6 8. Bb3 h6 9. N5f3 a5 10. a4 c5 11. Bf4 Bd6 12. Be5 0-0 13. 0-0-0 c4 14. Bxc4 Nxa4 15. Bb5 Nb6 16. Kb1 a4 17. c4 Bb4 18. Bxf6 Qxf6 19. Ne5 a3 20. Ngf3 axb2 21. Qc2 Qd8 22. Qxb2 Ba3 23. Qb3 Bd7 24. Nxd7 Nxd7 25. Kc2 Nf6 26. Rhe1 Bd6 27. c5 Qc7 28. Kb2 Be7 29. Bc4 b6 30. cxb6 Qd6 31. Ra1 Rab8 32. Ra6 Rb7 33. Re5 Rfb8 34. Rb5 Bd8 35. d5 exd5 36. Bxd5 Nxd5 37. Qxd5 Qxd5 38. Rxd5 Bxb6 39. Rb5 Bxf2 40. Rxb7 Rxb7+ 41. Kc3 Rd7 42. Kc2 f6 43. Ra3 Kf7 44. Rd3 Re7 45. Rd2 Bb6 46. Kd1 f5 47. Re2 Be3 48. Kc2 f4 49. Kd3 Kf6 50. g4 Ke6 51. Nd4+ Kf6 52. Nf5 Rd7+ 53. Ke4 g6 54. Nxe3 Re7+ 55. Kxf4 1-0

[Event "AUT-chT2W 0607"]
[Site "Austria"]
[Date "2006.10.22"]
[Round "2"]
[White "Zoister, Stefan"]
[Black "Amann, Guenter"]
[Result "1/2-1/2"]
[WhiteElo "2257"]
[BlackElo "2328"]
[PlyCount "42"]
[EventDate "2006.10.21"]
[EventType "team"]
[EventRounds "11"]
[EventCountry "AUT"]
[SourceTitle "EXT 2007"]
[Source "ChessBase"]
[SourceDate "2006.11.23"]
[SourceVersion "1"]
[SourceVersionDate "2006.11.23"]
[SourceQuality "1"]

1. e4 c5 2. Nf3 e6 3. d4 cxd4 4. Nxd4 a6 5. Bd3 Bc5 6. Nb3 Ba7 7. Qe2 Nc6 8. Be3 Nge7 9. Bxa7 Rxa7 10. N1d2 0-0 11. Qe3 e5 12. Nf3 Ra8 13. 0-0-0 d6 14. Bc4 b5 15. Bd5 Nxd5 16. Rxd5 Nb4 17. Rd2 Nxa2+ 18. Kb1 Nb4 19. Rhd1 Qc7 20. Qc3 Qc4 21. Rxd6 Bg4 1/2-1/2

[Event "AUT-chT2W 0607"]
[Site "Austria"]
[Date "2006.10.21"]
[Round "1"]
[White "Scheffknecht, Philipp"]
[Black "Zoister, Stefan"]
[Result "1/2-1/2"]
[WhiteElo "2178"]
[BlackElo "2257"]
[PlyCount "56"]
[EventDate "2006.10.21"]
[EventType "team"]
[EventRounds "11"]
[EventCountry "AUT"]
[SourceTitle "EXT 2007"]
[Source "ChessBase"]
[SourceDate "2006.11.23"]
[SourceVersion "1"]
[SourceVersionDate "2006.11.23"]
[SourceQuality "1"]

1. d4 Nf6 2. Nf3 e6 3. c4 b6 4. e3 Bb7 5. Bd3 c5 6. 0-0 Be7 7. Nc3 d5 8. b3 Nc6 9. Bb2 cxd4 10. exd4 0-0 11. Re1 Rc8 12. cxd5 Nxd5 13. Nxd5 Qxd5 14. Be4 Qd8 15. d5 exd5 16. Qxd5 Qxd5 17. Bxd5 Bb4 18. Re4 Bd6 19. Nd4 Na5 20. Bxb7 Nxb7 21. Nf5 f6 22. Re2 Rfe8 23. Rae1 Rxe2 24. Rxe2 Bf8 25. g3 Kf7 26. Kg2 Rc7 27. Kf3 Rd7 28. Nd4 Nc5 1/2-1/2

[Event "Graz op"]
[Site "Graz"]
[Date "2005.09.10"]
[Round "8"]
[White "Zoister, Stefan"]
[Black "Raffalt, Manfred"]
[Result "1/2-1/2"]
[WhiteElo "2271"]
[BlackElo "2115"]
[PlyCount "36"]
[EventDate "2005.09.03"]
[EventType "swiss"]
[EventRounds "9"]
[EventCountry "AUT"]
[SourceTitle "EXT 2007"]
[Source "ChessBase"]
[SourceDate "2006.11.23"]
[SourceVersion "1"]
[SourceVersionDate "2006.11.23"]
[SourceQuality "1"]

1. e4 e6 2. d4 d5 3. Nc3 Bb4 4. e5 c5 5. Bd2 Nc6 6. a3 Bxc3 7. Bxc3 cxd4 8. Bxd4 Nxd4 9. Qxd4 Ne7 10. Bd3 Nc6 11. Qg4 0-0 12. Nf3 f5 13. Qf4 b5 14. Nd4 Qc7 15. Nxc6 Qxc6 16. Qd4 a5 17. 0-0 Rb8 18. b4 a4 1/2-1/2

[Event "Graz op"]
[Site "Graz"]
[Date "2005.09.07"]
[Round "5"]
[White "Wittmann, Walter"]
[Black "Zoister, Stefan"]
[Result "1-0"]
[WhiteElo "2376"]
[BlackElo "2271"]
[PlyCount "82"]
[EventDate "2005.09.03"]
[EventType "swiss"]
[EventRounds "9"]
[EventCountry "AUT"]
[SourceTitle "EXT 2007"]
[Source "ChessBase"]
[SourceDate "2006.11.23"]
[SourceVersion "1"]
[SourceVersionDate "2006.11.23"]
[SourceQuality "1"]

1. e4 c5 2. Nc3 Nc6 3. g3 Nf6 4. Bg2 e6 5. Nge2 d5 6. exd5 exd5 7. d4 Bg4 8. h3 Be6 9. Be3 cxd4 10. Nxd4 Bb4 11. 0-0 0-0 12. Nce2 Be7 13. c3 Na5 14. b3 Rc8 15. Rc1 Nc6 16. Nf4 Nxd4 17. Bxd4 Bc5 18. Bxc5 Rxc5 19. Qd4 Qc7 20. Rfe1 Qb6 21. Rxe6 fxe6 22. Nxe6 Rxc3 23. Rxc3 Qxe6 24. Re3 Qd6 25. Rd3 b6 26. Bxd5+ Kh8 27. Bf3 Qe6 28. Kg2 h6 29. Re3 Qf7 30. Qd6 Re8 31. Rxe8+ Nxe8 32. Qb8 Kh7 33. Be4+ g6 34. Qb7 Kg7 35. Qxf7+ Kxf7 36. Kf3 Nf6 37. Ke3 g5 38. Kd4 Ke6 39. a4 Ne8 40. Bd5+ Kf6 41. Bc4 Kf5 1-0

[Event "Graz op"]
[Site "Graz"]
[Date "2005.09.06"]
[Round "4"]
[White "Zoister, Stefan"]
[Black "Sekyra, Michael"]
[Result "1-0"]
[WhiteElo "2271"]
[BlackElo "2096"]
[PlyCount "91"]
[EventDate "2005.09.03"]
[EventType "swiss"]
[EventRounds "9"]
[EventCountry "AUT"]
[SourceTitle "EXT 2007"]
[Source "ChessBase"]
[SourceDate "2006.11.23"]
[SourceVersion "1"]
[SourceVersionDate "2006.11.23"]
[SourceQuality "1"]

1. e4 e5 2. f4 exf4 3. Nf3 d6 4. d4 g5 5. h4 g4 6. Ng1 Nf6 7. Bd3 Nh5 8. Ne2 Be7 9. Bxf4 Nxf4 10. Nxf4 Bxh4+ 11. Ke2 g3 12. Qf1 Nc6 13. c3 Bg4+ 14. Kd2 Bg5 15. Kc2 Ne7 16. Nh5 f5 17. Nd2 0-0 18. Qe1 fxe4 19. Nxe4 Nf5 20. b3 d5 21. Nexg3 Qd7 22. Qg1 c5 23. dxc5 d4 24. Nxf5 Bxf5 25. Qxd4 Bxd3+ 26. Kxd3 Qf5+ 27. Kc4 b5+ 28. Kxb5 Qf7 29. Qc4 Rab8+ 30. Ka6 Qxc4+ 31. bxc4 Rf7 32. Rhd1 Be3 33. Rab1 Rc8 34. Rd5 Bxc5 35. Rbd1 Bb6 36. c5 Rxc5 37. Rxc5 Bxc5 38. Rd8+ Rf8 39. Rxf8+ Kxf8 40. Nf6 Kg7 41. Nd7 Ba3 42. c4 Kf7 43. c5 Ke7 44. c6 Kd8 45. Kb7 Bd6 46. Nf6 1-0

[Event "Graz op-A"]
[Site "Graz"]
[Date "2004.09.10"]
[Round "7"]
[White "Danner, Georg"]
[Black "Zoister, Stefan"]
[Result "1-0"]
[WhiteElo "2432"]
[BlackElo "2202"]
[PlyCount "63"]
[EventDate "2004.09.04"]
[EventType "swiss"]
[EventRounds "9"]
[EventCountry "AUT"]
[SourceTitle "EXT 2006"]
[Source "ChessBase"]
[SourceDate "2005.11.24"]
[SourceVersion "1"]
[SourceVersionDate "2005.11.24"]
[SourceQuality "1"]

1. d4 Nf6 2. Nf3 e6 3. e3 b6 4. Bd3 Bb7 5. 0-0 Be7 6. c4 0-0 7. Nc3 d5 8. b3 c5 9. Bb2 Nc6 10. cxd5 Nxd5 11. dxc5 Bxc5 12. a3 Nxc3 13. Bxc3 Qd5 14. Qc2 Qh5 15. Rfd1 Rfd8 16. b4 Bd6 17. Be2 Rac8 18. Qb2 Qh6 19. h3 Ne7 20. Be5 Bxe5 21. Qxe5 Bd5 22. Rac1 Nc6 23. Qg3 Qg6 24. Qxg6 hxg6 25. Ba6 Rb8 26. Rxd5 Rxd5 27. Rxc6 Rd1+ 28. Kh2 Rbd8 29. Kg3 R1d6 30. Rc7 R6d7 31. Rc3 Rd1 32. h4 1-0

[Event "Graz op-A"]
[Site "Graz"]
[Date "2004.09.07"]
[Round "4"]
[White "Zoister, Stefan"]
[Black "Ragger, Markus"]
[Result "0-1"]
[WhiteElo "2202"]
[BlackElo "2431"]
[PlyCount "46"]
[EventDate "2004.09.04"]
[EventType "swiss"]
[EventRounds "9"]
[EventCountry "AUT"]
[SourceTitle "EXT 2006"]
[Source "ChessBase"]
[SourceDate "2005.11.24"]
[SourceVersion "1"]
[SourceVersionDate "2005.11.24"]
[SourceQuality "1"]

1. e4 e5 2. Nf3 Nc6 3. Nc3 Nf6 4. Bb5 Bd6 5. d4 exd4 6. Nxd4 Nxd4 7. Qxd4 Qe7 8. 0-0 0-0 9. Bd3 c6 10. Nd1 Be5 11. Qa4 b5 12. Qa5 d5 13. exd5 Nxd5 14. a4 b4 15. Ne3 Nf4 16. Nf5 Ne2+ 17. Bxe2 Bf4 18. c3 bxc3 19. bxc3 Qf6 20. Ra3 Re8 21. Be3 Qd6 22. Raa1 Bxh2+ 23. Kh1 Be5 0-1

[Event "Graz op-A"]
[Site "Graz"]
[Date "2004.09.05"]
[Round "2"]
[White "Polansek, Justin"]
[Black "Zoister, Stefan"]
[Result "0-1"]
[WhiteElo "2018"]
[BlackElo "2202"]
[PlyCount "104"]
[EventDate "2004.09.04"]
[EventType "swiss"]
[EventRounds "9"]
[EventCountry "AUT"]
[SourceTitle "EXT 2006"]
[Source "ChessBase"]
[SourceDate "2005.11.24"]
[SourceVersion "1"]
[SourceVersionDate "2005.11.24"]
[SourceQuality "1"]

1. e4 c6 2. d4 d5 3. e5 Bf5 4. Nf3 e6 5. a3 c5 6. c4 dxc4 7. Bxc4 Nc6 8. Be3 Qb6 9. b4 0-0-0 10. bxc5 Bxc5 11. 0-0 Nxd4 12. Nbd2 Nxf3+ 13. Qxf3 Bxe3 14. Rab1 Bxb1 15. Rxb1 Bxf2+ 16. Kh1 Qc7 17. Qxf2 Ne7 18. Rc1 Nc6 19. Bb5 Qb6 20. Qxb6 axb6 21. Nc4 Kc7 22. Nd6 Rxd6 23. exd6+ Kxd6 24. Rd1+ Kc7 25. Rf1 f6 26. g4 Rd8 27. Rf3 Rd2 28. g5 f5 29. Rh3 Nd4 30. a4 Nxb5 31. axb5 h6 32. gxh6 gxh6 33. Rxh6 Kd6 34. Rg6 Rb2 35. Rg7 Rxb5 36. Rxb7 Rb2 37. Kg1 Ke5 38. h4 Kf6 39. h5 Kg5 40. Re7 Re2 41. Rb7 Rb2 42. h6 Kxh6 43. Re7 Re2 44. Rb7 e5 45. Rxb6+ Kg5 46. Kf1 Rd2 47. Rb8 e4 48. Rb3 Kf4 49. Rh3 e3 50. Ke1 Ke4 51. Rh8 f4 52. Re8+ Kf3 0-1

[Event "Graz op-A"]
[Site "Graz"]
[Date "2004.09.04"]
[Round "1"]
[White "Zoister, Stefan"]
[Black "Fandler, Simon"]
[Result "1/2-1/2"]
[WhiteElo "2202"]
[BlackElo "1997"]
[PlyCount "38"]
[EventDate "2004.09.04"]
[EventType "swiss"]
[EventRounds "9"]
[EventCountry "AUT"]
[SourceTitle "EXT 2006"]
[Source "ChessBase"]
[SourceDate "2005.11.24"]
[SourceVersion "1"]
[SourceVersionDate "2005.11.24"]
[SourceQuality "1"]

1. e4 e5 2. f4 exf4 3. Nf3 d5 4. exd5 Nf6 5. Nc3 Nxd5 6. Nxd5 Qxd5 7. d4 Be6 8. c4 Qe4+ 9. Kf2 Bf5 10. c5 Be7 11. Bb5+ c6 12. Re1 Qd5 13. Ba4 Be6 14. Re5 Qd8 15. d5 Nd7 16. dxe6 Nxe5 17. Nxe5 Bxc5+ 18. Kf3 Qxd1+ 19. Bxd1 fxe6 1/2-1/2

[Event "Linz op 11th"]
[Site "Linz"]
[Date "2000.04.22"]
[Round "9"]
[White "Zoister, Stefan"]
[Black "Mayerhofer, Peter"]
[Result "1-0"]
[WhiteElo "2143"]
[BlackElo "2120"]
[PlyCount "49"]
[EventDate "2000.04.14"]
[EventType "swiss"]
[EventRounds "9"]
[EventCountry "AUT"]
[SourceTitle "EXT 2002"]
[Source "ChessBase"]
[SourceDate "2001.11.25"]
[SourceVersion "1"]
[SourceVersionDate "2001.11.25"]
[SourceQuality "1"]

1. e4 c5 2. Nf3 e6 3. d4 cxd4 4. Nxd4 a6 5. c4 Nf6 6. Nc3 Bb4 7. Bd3 Nc6 8. Nxc6 dxc6 9. 0-0 e5 10. Qc2 0-0 11. a3 Bxc3 12. Qxc3 c5 13. Bg5 Qd6 14. Rad1 Nd7 15. Bc2 Qe6 16. Rd5 b6 17. Rfd1 f6 18. Be3 Qc6 19. Rd6 Qc7 20. Qd3 Ra7 21. Qd5+ Kh8 22. Ba4 Nb8 23. Rd8 Qe7 24. Rxf8+ Qxf8 25. Qd8 1-0

[Event "Linz op 11th"]
[Site "Linz"]
[Date "2000.04.17"]
[Round "4"]
[White "Ennsberger, Ulrich"]
[Black "Zoister, Stefan"]
[Result "0-1"]
[WhiteElo "2257"]
[BlackElo "2143"]
[PlyCount "78"]
[EventDate "2000.04.14"]
[EventType "swiss"]
[EventRounds "9"]
[EventCountry "AUT"]
[SourceTitle "EXT 2002"]
[Source "ChessBase"]
[SourceDate "2001.11.25"]
[SourceVersion "1"]
[SourceVersionDate "2001.11.25"]
[SourceQuality "1"]

1. e4 e6 2. d3 d5 3. Qe2 Nf6 4. e5 Nfd7 5. Nf3 c5 6. g3 Nc6 7. Bg2 b5 8. 0-0 Qc7 9. Re1 Be7 10. h4 Bb7 11. Bf4 Nb6 12. Nbd2 c4 13. dxc4 bxc4 14. c3 Na4 15. Reb1 Rb8 16. Nf1 Nc5 17. Ne1 Ba6 18. Qe3 Nd7 19. Nf3 Nc5 20. b4 cxb3 21. axb3 Bxf1 22. Bxf1 Nxb3 23. Ra6 0-0 24. h5 Nc5 25. Raa1 Rxb1 26. Rxb1 Rb8 27. Rxb8+ Qxb8 28. h6 g6 29. c4 Qb3 30. Qe2 Qxc4 31. Qxc4 dxc4 32. Bxc4 a5 33. Kf1 a4 34. Bd2 Ne4 35. Ke2 a3 36. Be1 Bb4 37. Kd3 Nc5+ 38. Kc2 Bxe1 39. Nxe1 Nxe5 0-1

[Event "Donau op-A 08th"]
[Site "Aschach"]
[Date "1999.12.26"]
[Round "1"]
[White "Videki, Sandor"]
[Black "Zoister, Stefan"]
[Result "1-0"]
[WhiteElo "2445"]
[BlackElo "2143"]
[PlyCount "33"]
[EventDate "1999.12.26"]
[EventType "swiss"]
[EventRounds "7"]
[EventCountry "AUT"]
[SourceTitle "CBM 073 Extra"]
[Source "ChessBase"]
[SourceDate "2000.01.11"]
[SourceVersion "1"]
[SourceVersionDate "2000.01.11"]
[SourceQuality "1"]

1. e4 c6 2. d4 d5 3. e5 Bf5 4. Nf3 e6 5. a3 c5 6. c4 dxc4 7. Bxc4 Nc6 8. Be3 cxd4 9. Nxd4 Qa5+ 10. Nc3 0-0-0 11. 0-0 Qxe5 12. Nxc6 bxc6 13. Ba6+ Kc7 14. Qf3 Qa5 15. Nb5+ cxb5 16. Qb7+ Kd6 17. b4 1-0

[Event "Karl Wagner Memorial 5th"]
[Site "Graz"]
[Date "1998.09.09"]
[Round "5.24"]
[White "Singer, Richard"]
[Black "Zoister, Stefan"]
[Result "1/2-1/2"]
[WhiteElo "2275"]
[BlackElo "2105"]
[PlyCount "110"]
[EventDate "1998.09.??"]
[EventType "swiss"]
[EventRounds "9"]
[EventCountry "AUT"]
[SourceTitle "EXT 1999"]
[Source "ChessBase"]
[SourceDate "1998.11.16"]
[SourceVersion "1"]
[SourceVersionDate "1998.11.16"]
[SourceQuality "1"]

1. d4 Nf6 2. c4 e6 3. Nf3 b6 4. g3 Ba6 5. Nbd2 Bb4 6. Bg2 Bxc4 7. a3 Bxd2+ 8. Nxd2 Bd5 9. e4 Bb7 10. 0-0 d6 11. Re1 Nbd7 12. b4 0-0 13. Bb2 Re8 14. Rc1 b5 15. Nb3 Rc8 16. Na5 Ba8 17. Qd3 a6 18. d5 exd5 19. exd5 Rxe1+ 20. Rxe1 Nb6 21. Nc6 Bxc6 22. dxc6 d5 23. Qf5 Qd6 24. Bxf6 gxf6 25. h4 Qxc6 26. h5 Re8 27. Qg4+ Kf8 28. Rxe8+ Qxe8 29. Qf5 h6 30. Qxf6 Qe6 31. Qd8+ Kg7 32. Qxc7 Nc4 33. Qc5 Qe1+ 34. Kh2 Qe5 35. Qxd5 Qxd5 36. Bxd5 Nxa3 37. Bb7 Nc2 38. Bxa6 Nxb4 39. Bxb5 Nd5 40. Kh3 Kf6 41. Kg4 Ne7 42. Bd3 Ng8 43. f4 Ne7 44. Kf3 Kg7 45. g4 Ng8 46. Ke4 Nf6+ 47. Kf5 Ng8 48. Ke5 Nf6 49. Be2 Ng8 50. Bf3 Nf6 51. Kd6 Ng8 52. g5 hxg5 53. fxg5 Nh6 54. Kd7 Ng8 55. Bd5 Nf6+ 1/2-1/2

[Event "AUT-ch"]
[Site "Werfen"]
[Date "1998.08.14"]
[Round "7"]
[White "Zoister, Stefan"]
[Black "Schumi, Manfred"]
[Result "0-1"]
[WhiteElo "2105"]
[BlackElo "2260"]
[PlyCount "46"]
[EventDate "1998.08.08"]
[EventType "swiss"]
[EventRounds "9"]
[EventCountry "AUT"]
[SourceTitle "EXT 2001"]
[Source "ChessBase"]
[SourceDate "2000.11.22"]
[SourceVersion "1"]
[SourceVersionDate "2000.11.22"]
[SourceQuality "1"]

1. e4 c5 2. Nf3 d6 3. d4 cxd4 4. Nxd4 Nf6 5. Nc3 a6 6. Bd3 e5 7. Nb3 Be7 8. 0-0 0-0 9. f4 b5 10. Be3 Ng4 11. Qe2 Nxe3 12. Qxe3 Nd7 13. Nd5 Bb7 14. c4 Bxd5 15. exd5 exf4 16. Qh3 g6 17. cxb5 axb5 18. Rxf4 Bf6 19. Kh1 Bxb2 20. Raf1 Ne5 21. Bxb5 Rxa2 22. R4f2 Qb6 23. Nc1 Ra3 0-1

[Event "AUT-ch"]
[Site "Werfen"]
[Date "1998.08.13"]
[Round "6"]
[White "Rolletschek, Heinrich"]
[Black "Zoister, Stefan"]
[Result "1-0"]
[WhiteElo "2300"]
[BlackElo "2105"]
[PlyCount "41"]
[EventDate "1998.08.08"]
[EventType "swiss"]
[EventRounds "9"]
[EventCountry "AUT"]
[SourceTitle "EXT 2001"]
[Source "ChessBase"]
[SourceDate "2000.11.22"]
[SourceVersion "1"]
[SourceVersionDate "2000.11.22"]
[SourceQuality "1"]

1. e4 c5 2. Nf3 Nc6 3. d3 Nf6 4. g3 d5 5. Nbd2 e6 6. Bg2 dxe4 7. dxe4 b6 8. 0-0 Ba6 9. Re1 Qc7 10. e5 Nd5 11. a3 c4 12. Qe2 b5 13. a4 Qb6 14. axb5 Bxb5 15. Nxc4 Qc5 16. Bf1 Rb8 17. Qe4 Be7 18. c3 Bxc4 19. Bxc4 Nb6 20. Bd3 Qd5 21. Ra6 1-0

[Event "AUT-ch"]
[Site "Werfen"]
[Date "1998.08.11"]
[Round "4"]
[White "Gerhold, Michael"]
[Black "Zoister, Stefan"]
[Result "0-1"]
[WhiteElo "2265"]
[BlackElo "2105"]
[PlyCount "50"]
[EventDate "1998.08.08"]
[EventType "swiss"]
[EventRounds "9"]
[EventCountry "AUT"]
[SourceTitle "EXT 2001"]
[Source "ChessBase"]
[SourceDate "2000.11.22"]
[SourceVersion "1"]
[SourceVersionDate "2000.11.22"]
[SourceQuality "1"]

1. e4 c5 2. Nf3 Nc6 3. Bb5 d6 4. c3 Bd7 5. 0-0 Nf6 6. Re1 a6 7. Bf1 e5 8. h3 Be7 9. d4 0-0 10. a4 cxd4 11. cxd4 exd4 12. Nxd4 d5 13. e5 Ne4 14. Nc3 Bc5 15. Nxe4 Bxd4 16. Ng5 Bf5 17. Bd3 Bg6 18. Nf3 Bc5 19. Bg5 Qb6 20. Bh4 Nd4 21. a5 Qxb2 22. Rb1 Nxf3+ 23. gxf3 Qd4 24. Bxg6 Qxh4 25. Bf5 Bxf2+ 0-1